000 01244nam a2200253Ia 4500
999 _c46904
_d46904
001 13757
003 GE_BSU
005 20241015111424.0
008 181216s2004||||enk|||||||||||||| ||eng||
020 _a9994029347
040 _cGE_BSU
041 _aeng
080 _a72(092) D-26
100 _aDavitaia, Vakhtang
_923396
245 _aMonuments. Memorials. Small arcitectur = მონუმენტები. მემორიალები. მცირე არქიტექტურა = Монументы. Мемориалы. Малая архитектура /
_bVakhtang Davitaia.
264 _aთბილისი :
_bსაარი,
_c2004.
300 _a130 p. :
_bill. ;
_c24 cm.
520 _aParall. text Engl., Russ.
653 _aMonuments.Memorials.Small arcitecture=მონუმენტები. მემორიალები. მცირე არქიტექტურა=
653 _aМонументы. Мемориалы. Малая архитектура
653 _aქართული ძეგლებისა და მონუმენტების არქიტექტურა
653 _aმემორიალური დაფები
942 _cBK
_2udc